Son mil palomas tu caserío, Guadalajara___ /
সংরক্ষণ করুন:
| প্রধান লেখক: | |
|---|---|
| বিন্যাস: | গ্রন্থ |
| ভাষা: | স্প্যানিশ |
| প্রকাশিত: |
Guadalajara, México :
Conexión Gráfica,
2005, c2005
Boulder, EUA : NetLibrary [distribución], fecha no identificada |
| বিষয়গুলি: | |
| অনলাইন ব্যবহার করুন: | Ver documento en línea |
| ট্যাগগুলো: |
কোনো ট্যাগ নেই, প্রথমজন হিসাবে ট্যাগ করুন!
|
MARC
| LEADER | 00000nam^a2200000^a^4500 | ||
|---|---|---|---|
| 001 | 000191704 | ||
| 005 | 20251023000000.0 | ||
| 009 | 20260310102535.621 | ||
| 020 | |a 1-4237-4508-6 | ||
| 020 | |a 968-6295-76-3 | ||
| 037 | |a Acervo ITESO - Biblioteca | ||
| 041 | |a ESP | ||
| 082 | |a 972. 352 |b GON V. 1 | ||
| 100 | |a González Casillas, Magdalena |e (autor) | ||
| 245 | 1 | 0 | |a Son mil palomas tu caserío, Guadalajara___ / |c M. González Casillas. |
| 264 | 4 | |a Guadalajara, México : |b Conexión Gráfica, |c 2005, c2005 | |
| 264 | 4 | |a Boulder, EUA : |b NetLibrary [distribución], |c fecha no identificada | |
| 300 | |a 1 libro electrónico en línea (366 p.) | ||
| 336 | |a datos para computadora |b cod |2 rdacontenido | ||
| 337 | |a computadora |b c |2 rdamedio | ||
| 338 | |a recurso en línea |b cr |2 rdasoporte | ||
| 506 | 1 | |a 1 licencia | |
| 506 | 1 | |a 1 licencia | |
| 649 | |a XX | ||
| 650 | |a Mujeres - |z Guadalajara, Jalisco - |x Condiciones Sociales y Culturales | ||
| 650 | |a Ritos Funerarios - |z Guadalajara, Jalisco - |x Historia - |y Epoca Colonial, 1517-1821 | ||
| 650 | |a Ritos Funerarios - |z Jalisco - |x Historia - |y Epoca Prehispánica | ||
| 650 | |a Cárceles y Centros de Readaptación Social - |z Guadalajara, Jalisco - |x Historia - |y Epoca Colonial, 1517-1821 | ||
| 650 | |a Servicios Médicos y de Salud - |z Guadalajara, Jalisco - |x Historia - |y Epoca Colonial, 1517-1821 | ||
| 650 | |a Hospitales - |z Guadalajara, Jalisco - |x Historia - |y Epoca Colonial, 1517-1821 | ||
| 650 | |a Teatros - |z Guadalajara, Jalisco - |x Historia - |y Siglo XIX | ||
| 650 | |a Cultura - |z Guadalajara, Jalisco - |x Historia - |y Siglo XVI | ||
| 650 | |a Cultura - |z Guadalajara, Jalisco - |x Historia - |y Epoca Colonial, 1517-1821 | ||
| 650 | |a Arquitectura Religiosa - |z Guadalajara, Jalisco - |x Historia y Crítica | ||
| 650 | |a Arquitectura Jalisciense - |y Siglo XIX - |x Historia y Crítica | ||
| 650 | |a Arquitectura Mexicana - |y Siglo XIX - |x Historia y Crítica | ||
| 650 | |a Arte Virreinal - |z Guadalajara, Jalisco - |x Historia y Crítica | ||
| 650 | |a Arte Jalisciense - |x Historia y Crítica | ||
| 650 | |a Arte Mexicano - |x Historia y Crítica | ||
| 650 | |a Mercados - |z Guadalajara, Jalisco - |x Historia - |y Siglo XIX | ||
| 650 | |a Vida Cotidiana - |z Guadalajara, Jalisco - |x Historia - |y Siglo XVI | ||
| 650 | |a Vida Cotidiana - |z Guadalajara, Jalisco - |x Historia - |y Epoca Colonial, 1517-1821 | ||
| 650 | |a Filosofía - |x Congresos | ||
| 650 | |a Colegio de Jalisco, El - |x Historia | ||
| 650 | |a Desarrollo Tecnológico - |z Guadalajara, Jalisco - |x Historia - |y Siglo XIX | ||
| 650 | |a Desarrollo Urbano - |z Guadalajara, Jalisco - |x Historia - |y Siglo XVI | ||
| 650 | |a Desarrollo Urbano - |z Guadalajara, Jalisco - |x Historia - |y Epoca Colonial, 1517-1821 | ||
| 650 | |a Desarrollo Urbano - |z Guadalajara, Jalisco - |x Historia - |y Siglo XIX | ||
| 650 | |a Poesía Española - |x Historia y Crítica | ||
| 650 | |a Literatura Española - |y Siglo XX | ||
| 650 | |a Literatura Española - |x Historia y Crítica | ||
| 650 | |a Economía - |z Guadalajara, Jalisco - |x Historia | ||
| 650 | |a Cronología Histórica - |y Siglo XVI | ||
| 650 | |a Guadalajara, Jalisco - |x Historia - |x Tema Principal | ||
| 650 | |a Guadalajara, Jalisco - |x Historia - |y Epoca Colonial, 1517-1821 | ||
| 650 | |a Guadalajara, Jalisco - |x Historia - |y Siglo XIX | ||
| 650 | |a Guadalajara, Jalisco - |x Historia - |y Siglo XX | ||
| 650 | |a Jalisco - |x Historia - |y Epoca Prehispánica | ||
| 650 | |a Jalisco - |x Historia - |y Epoca Colonial, 1517-1821 | ||
| 650 | |a Jalisco - |x Historia - |y Siglo XIX | ||
| 650 | |a Jalisco - |x Historia - |y Siglo XX | ||
| 650 | |a México - |x Historia - |y Epoca Prehispánica | ||
| 650 | |a México - |x Historia - |y Epoca Colonial, 1517-1821 | ||
| 650 | |a México - |x Historia - |y Siglo XIX | ||
| 650 | |a México - |x Historia - |y Siglo XX | ||
| 650 | |a Guadalajara, Jalisco - |x Descripción | ||
| 650 | |a Jalisco - |x Descripción | ||
| 650 | |a México - |x Descripción | ||
| 856 | 4 | 0 | |u https://ezproxy.iteso.mx/login?url=https://search.ebscohost.com/login.aspx?direct=true&scope=site&db=nlebk&db=nlabk&AN=146006 |y Ver documento en línea |
| 910 | |a Fondo General | ||
| 920 | |a Electrónicos - Libros en Línea | ||
| 930 | |a Plataforma Digital | ||
| 905 | |a 205 | ||
| 901 | |a 191704 |b IT2 |c EBO |i C51 |u 20250521 | ||
| 902 | |a https://opac.biblio.iteso.mx/vufind/Record/000191704 | ||